Elementos de derecho penal (Record no. 151863)

MARC details
000 -LEADER
campo de control de longitud fija 00955nam a2200229 4500
001 - NÚMERO DE CONTROL
campo de control 151863
003 - IDENTIFICADOR DE NÚMERO DE CONTROL
campo de control ES-MaACL
005 - FECHA Y HORA DE LA ÚLTIMA TRANSACCIÓN
campo de control 20250809061403.0
008 - DATOS DE LONGITUD FIJA--INFORMACIÓN GENERAL
campo de control de longitud fija 950228s1897 sp |||| | spa d
040 ## - FUENTE DE CATALOGACIÓN
Centro catalogador/agencia de origen EUS
Lengua de catalogación spa
Centro/agencia transcriptor EUS
080 ## - NÚMERO DE LA CLASIFICACIÓN DECIMAL UNIVERSAL
Número de la Clasificación Decimal Universal 343(460)
100 1# - ENTRADA PRINCIPAL--NOMBRE DE PERSONA
Nombre de persona Benito y Curto, Alejandro.
9 (RLIN) 27695
245 10 - MENCIÓN DEL TÍTULO
Título Elementos de derecho penal
Resto del título : contestaciones a la parte de legislación española del programa oficial de dicha asignatura en la Facultad de Derecho de la Universidad Central /
Mención de responsabilidad, etc. por Alejandro Benito y Curto.
250 ## - MENCION DE EDICION
Mención de edición 2ª ed. corr. y notablemente aum.
260 ## - PUBLICACIÓN, DISTRIBUCIÓN, ETC.
Lugar de publicación, distribución, etc. Madrid :
Nombre del editor, distribuidor, etc. Librería de Sánchez Covisa,
Fecha de publicación, distribución, etc. 1897.
300 ## - DESCRIPCIÓN FÍSICA
Extensión VII, 504, 5 p., [1] h. pleg. ;
Dimensiones 22 cm.
490 1# - MENCIÓN DE SERIE
Mención de serie Biblioteca Escolar. Sección de derecho
650 04 - PUNTO DE ACCESO ADICIONAL DE MATERIA--TÉRMINO DE MATERIA
Término de materia o nombre geográfico como elemento de entrada Derecho penal-
Subdivisión geográfica España
9 (RLIN) 11752
830 00 - PUNTO DE ACCESO ADICIONAL DE SERIE-TÍTULO UNIFORME
Título uniforme Biblioteca Escolar.
Nombre de parte o sección de la obra Sección de derecho
9 (RLIN) 221273
852 ## - LOCALIZACIÓN
Ubicación ES-MaACL
Número de control de estantería D-1726
Nota libre -- Enc. pasta española
Holdings
Estatus retirado Estado de pérdida Estado de daño No para préstamo Colección Biblioteca de origen Biblioteca actual Ubicación en estantería Fecha de adquisición Fuente de adquisición Total de préstamos Signatura topográfica completa Código de barras Visto por última vez Precio de reemplazo Tipo de ítem Koha
        Libros del s. XIX Biblioteca del Ateneo de Madrid Biblioteca del Ateneo de Madrid Sala Valle Inclán 17/01/2008     D-1726 901158507 23/02/2023 23/02/2023 Libro impreso antiguo